| Registos Bibliográficos associados ao registo de autoridade |
|
Etiqueta de registo: 00000nkm 2200025 450 001 2263873 003 http://id.bnportugal.gov.pt/bib/catbnp/2263873 100 ## $a20260210d1988 m y0pory01030103ba 101 0# $apor 102 ## $aPT 200 1# $aForça Aérea, 36º aniversário, Coimbra, 1988$bVisual gráfico]$fForça Aérea$gBelmiro 210 #9 $a[Lisboa]$cCentral de Publicações da Força Aérea,$d1988$e[Lisboa] :$gCentral de Publicações da Força Aérea) 215 ## $a1 cartaz$ccolor.$d67,5x47,7 cm 303 ## $aExposição aeronáutica 3-10 julho, festival aéreo 10 julho em Coimbra 317 ## $aColeção Madeira Luís 675 ## $a766(=1:469)"1988"(084.5)$vBN$zpor$31811746 702 #1 $aBelmiro$4440$31984424 710 02 $aAniversário da Força Aérea Portuguesa,$d36,$eCoimbra,$f1988$31985647 712 01 $aPortugal.$bForça Aérea$4557$3136437 801 #0 $aPT$bBN$gRPC 966 ## $lBN$mICONOG$sCT. 20046 A.$x3 971 ## $cCaticonografia5$d20260210 972 ## $d20260214$e1$vfpinelo $z0 995 ## $aPRR2026 $d20260210$iCaticonografia5
|
|
|